Historia de las doctrinas relativas al crédito y a la moneda desde John Law hasta la actualidad / (Record no. 127544)

MARC details
000 -LEADER
campo de control de longitud fija 00570nam a2200169 4500
001 - NÚMERO DE CONTROL
campo de control 127544
003 - IDENTIFICADOR DE NÚMERO DE CONTROL
campo de control ES-MaACL
005 - FECHA Y HORA DE LA ÚLTIMA TRANSACCIÓN
campo de control 20230906193031.0
007 - CAMPO FIJO DE DESCRIPCIÓN FÍSICA--INFORMACIÓN GENERAL
campo de control de longitud fija t|
008 - DATOS DE LONGITUD FIJA--INFORMACIÓN GENERAL
campo de control de longitud fija 070214s1945 sp r ||||1| spa d
100 1# - ENTRADA PRINCIPAL--NOMBRE DE PERSONA
Nombre de persona Rist, Charles.
9 (RLIN) 97471
245 10 - MENCIÓN DEL TÍTULO
Título Historia de las doctrinas relativas al crédito y a la moneda desde John Law hasta la actualidad /
Mención de responsabilidad, etc. Charles Rist ; traducción de Ernesto Schop Santos.
260 ## - PUBLICACIÓN, DISTRIBUCIÓN, ETC.
Lugar de publicación, distribución, etc. Barcelona :
Nombre del editor, distribuidor, etc. Bosch,
Fecha de publicación, distribución, etc. 1945.
300 ## - DESCRIPCIÓN FÍSICA
Extensión 498 p. ;
Dimensiones 23 cm.
700 1# - ENTRADA AGREGADA--NOMBRE PERSONAL
Nombre de persona Schop Santos, Ernesto.
9 (RLIN) 104655
852 ## - LOCALIZACIÓN
Ubicación ES-MaACL
Número de control de estantería C-4998
Sublocalización o colección R.25424
Holdings
Estatus retirado Estado de pérdida Estado de daño No para préstamo Biblioteca de origen Biblioteca actual Ubicación en estantería Fecha de adquisición Fuente de adquisición Total de préstamos Signatura topográfica completa Código de barras Visto por última vez Precio de reemplazo Tipo de ítem Koha
        Biblioteca del Ateneo de Madrid Biblioteca del Ateneo de Madrid Sala Palomar 17/01/2008     C-4998 1132843 23/02/2023 23/02/2023 Libro impreso